| 000 | 00801nam a22002417a 4500 | ||
|---|---|---|---|
| 003 | OSt | ||
| 005 | 20250912030910.0 | ||
| 008 | 250912b |||||||| |||| 00| 0 eng d | ||
| 020 | _a978-98-148-6590-6 | ||
| 040 |
_aDWCL-Main lib _cOC |
||
| 082 |
_2seventh _aCirc. 610.73 G883u 2020 |
||
| 100 | _aGrove, Susan K. | ||
| 245 |
_aUnderstanding Nursing Research : _bBuilding an Evidence-Based Practice/ _cSusan K. Grove |
||
| 250 | _aseventh | ||
| 260 |
_a Singapore: _bElsevier, _cc2020. |
||
| 300 |
_axxi, 502 pages: _billustration; _c24cm |
||
| 504 | _aincludes glossary and index | ||
| 650 | _a1.Evidence-- based nursing | ||
| 650 | _a2. Nursing--Research-- Philosophy | ||
| 650 | _a3. Nursing--research--methology | ||
| 700 | _aJennifer R. Gray | ||
| 942 |
_2ddc _cBK-CIRC _eseventh _kCirc. _n0 |
||
| 999 |
_c4472 _d4472 |
||